000 01317nam a2200289 a 4500
999 _c1594
_d1594
001 1601211
003 CoMeUDC
005 20221101114953.0
008 180821s2018 ck gr 00000 spa d
020 _a9789581204519
040 _aCO-BoBLA
_bspa
_cCO-UdeC
082 _a346.086
_bP153
100 _aPalacios Sánchez, Fernando.
_92141
245 1 3 _aEl seguro :
_bcausas y soluciones de los conflictos entre asegurados y aseguradores con ocasión del siniestro /
_cFernando Palacios Sánchez.
250 _aSegunda edición.
260 _aBogotá :
_bUniversidad de La Sabana. Facultad de Derecho y Ciencias Políticas,
_c2018.
300 _a214 p. ;
_c22 cm.
490 0 _aColección cátedra ;
_v15
504 _aIncluye referencias bibliográficas.
505 _aProblemas entre asegurados y aseguradores con ocasión del siniestro -- Fundamentos del contrato de seguro -- Aspectos esenciales del contrato de seguro -- Normas de protección al consumidor -- Derechos fundamentales del asegurado en la objeción de la reclamación
546 _aEspañol.
650 4 _aDerecho de seguros
_z Colombia.
650 0 _aReclamaciones y ajustes (Seguros)
_zColombia
_92142
_xAspectos jurídicos
650 0 _aPólizas de seguros.
_x Legislación
_z Colombia.
_91051
942 _2ddc
_cBK
949 _ac
_bc